00513nam a2200169 a 45000010010000000030011000100080041000210200015000620350026000771000024001032450092001272600038002193000015002575000017002726500024002898560030003130001-1158ELIB.Books150506 2010 eng  a0671884239 a(ELIB.Books)0001-1313 aKilpatrick, William aBooks That Build CharacterbA Guide to Teaching Your Child Moral Values Through Stories aNew YourbA Touchstone Bookc1994 a332c22 Cm aC/o Moe Lwei aChristian Education nKBTS: LibraryuKBTS: Elib